Tax Cases (Record no. 118558)
[ view plain ]
| 000 -LEADER | |
|---|---|
| fixed length control field | 00492cas a2200193 4500 |
| 001 - CONTROL NUMBER | |
| control field | L246 |
| 008 - FIXED-LENGTH DATA ELEMENTS--GENERAL INFORMATION | |
| fixed length control field | 090401t xxu||||| |||| 00| 0 eng d |
| 022 ## - INTERNATIONAL STANDARD SERIAL NUMBER | |
| International Standard Serial Number | 0141-9641 |
| 035 ## - SYSTEM CONTROL NUMBER | |
| System control number | (Sirsi) u98884 |
| 041 ## - LANGUAGE CODE | |
| Language code of text/sound track or separate title | eng |
| 245 ## - TITLE STATEMENT | |
| Title | Tax Cases |
| 260 ## - PUBLICATION, DISTRIBUTION, ETC. | |
| Name of publisher, distributor, etc. | HM Stationery Office |
| 350 ## - PRICE (NR) (BK AM CF MU VM SE) [OBSOLETE] | |
| Price | 0 |
| 500 ## - GENERAL NOTE | |
| General note | First Issue 11 Jul 94 Vol.64 Part 1 1994 13 Aug 96 Vol.66 Part 6 1996 Last Issue 08 Jul 96 Vol.66 Part 4 |
| 650 ## - SUBJECT ADDED ENTRY--TOPICAL TERM | |
| Topical term or geographic name entry element | LAW |
| 650 ## - SUBJECT ADDED ENTRY--TOPICAL TERM | |
| Topical term or geographic name entry element | TAXATION |
| 942 ## - ADDED ENTRY ELEMENTS (KOHA) | |
| Suppress in OPAC | 0 |
| 948 ## - LOCAL PROCESSING INFORMATION (OCLC); SERIES PART DESIGNATOR (RLIN) | |
| c (OCLC) | 16/08/1994 |
No items available.